LEADER 03891oas 2201393 a 450 001 9910763995603321 005 20251106213014.0 011 $a1555-824X 035 $a(DE-599)ZDB2181248-2 035 $a(OCoLC)59822929 035 $a(CONSER) 2005212289 035 $a(CKB)954925598629 035 $a(EXLCZ)99954925598629 100 $a20050429a19929999 sy a 101 0 $aeng 135 $aurcnu|||||||| 181 $ctxt$2rdacontent 182 $cc$2rdamedia 183 $acr$2rdacarrier 200 10$aAmerican journal of medical quality 210 $a[Thousand Oaks, Calif.] $cSAGE Publications 210 31$a[Hagertown, MD]:$cWolters Kluwer Health 215 $a1 online resource 300 $aRefereed/Peer-reviewed 311 08$a1062-8606 606 $aMedical care$xQuality control$vPeriodicals 606 $aMedical care$xUtilization review$vPeriodicals 606 $aQuality of Health Care 606 $aHealth Services 606 $aQuality Assurance, Health Care 606 $aCost Control 606 $aUtilization Review 606 $aSoins me?dicaux$xQualite?$xContro?le$vPe?riodiques 606 $aSoins me?dicaux$xUtilisation$xE?valuation$vPe?riodiques 606 $aServices de sante? 606 $aSoins me?dicaux$xQualite?$xContro?le 606 $aCou?t$xContro?le 606 $aSoins me?dicaux$xUtilisation$xE?valuation 606 $acost control$2aat 606 $aMedical care$xQuality control$2fast$3(OCoLC)fst01013833 606 $aMedical care$xUtilization review$2fast$3(OCoLC)fst01013895 606 $aService de sante?$2rasuqam 606 $aSoins me?dicaux$2rasuqam 608 $aperiodicals.$2aat 608 $aPeriodicals.$2fast 608 $aPeriodicals.$2lcgft 608 $aRessource Internet (Descripteur de forme)$2rasuqam 608 $aPe?riodique e?lectronique (Descripteur de forme)$2rasuqam 608 $aPe?riodiques.$2rvmgf 615 0$aMedical care$xQuality control 615 0$aMedical care$xUtilization review 615 12$aQuality of Health Care. 615 12$aHealth Services. 615 22$aQuality Assurance, Health Care. 615 22$aCost Control. 615 22$aUtilization Review. 615 6$aSoins me?dicaux$xQualite?$xContro?le 615 6$aSoins me?dicaux$xUtilisation$xE?valuation 615 6$aServices de sante?. 615 6$aSoins me?dicaux$xQualite?$xContro?le. 615 6$aCou?t$xContro?le. 615 6$aSoins me?dicaux$xUtilisation$xE?valuation. 615 7$acost control. 615 7$aMedical care$xQuality control. 615 7$aMedical care$xUtilization review. 615 7$aService de sante?. 615 7$aSoins me?dicaux. 676 $a362.1 712 02$aAmerican College of Medical Quality, 801 0$bNSD 801 1$bNSD 801 2$bOCL 801 2$bUQ1 801 2$bHUA 801 2$bKSU 801 2$bOCLCQ 801 2$bAGL 801 2$bOCLCF 801 2$bOCLCO 801 2$bVT2 801 2$bEUW 801 2$bOCLCQ 801 2$bPFM 801 2$bOCLCQ 801 2$bNLE 801 2$bAU@ 801 2$bOCLCO 801 2$bUKMGB 801 2$bOCLCA 801 2$bICE 801 2$bOCLCO 801 2$bOCLCA 801 2$bU3W 801 2$bOCLCO 801 2$bNJT 801 2$bOCLCA 801 2$bDLC 801 2$bNLM 801 2$bDLC 801 2$bUBY 801 2$bOCLCQ 801 2$bIOY 801 2$bOCLCE 801 2$bPUL 801 2$bUAB 801 2$bYOU 801 2$bW2U 801 2$bUKBOL 801 2$bS2H 801 2$bBWN 801 2$bCUS 801 2$bSFB 801 2$bCN8BJ 801 2$bOCLCL 801 2$bOCLCQ 906 $aJOURNAL 912 $a9910763995603321 996 $aAmerican journal of medical quality$92425831 997 $aUNINA